South Eastern Kenya University

Library Online Public Access Catalogue


Food security, gender and resilience: (Record no. 18559)

MARC details
000 -LEADER
fixed length control field 00837nam a22002657a 4500
003 - CONTROL NUMBER IDENTIFIER
control field OSt
005 - DATE AND TIME OF LATEST TRANSACTION
control field 20250528100043.0
008 - FIXED-LENGTH DATA ELEMENTS--GENERAL INFORMATION
fixed length control field 250528b |||||||| |||| 00| 0 eng d
020 ## - INTERNATIONAL STANDARD BOOK NUMBER
International Standard Book Number 9781138816947
020 ## - INTERNATIONAL STANDARD BOOK NUMBER
International Standard Book Number 9781315745855
040 ## - CATALOGING SOURCE
Original cataloging agency SEKU
050 ## - LIBRARY OF CONGRESS CALL NUMBER
Classification number HD 9000.5
Item number .F66
245 ## - TITLE STATEMENT
Title Food security, gender and resilience:
Remainder of title Improving smallholder and subsistence farming/
Statement of responsibility, etc. edited by Leigh Brownhll, Esther M. Njuguna
260 ## - PUBLICATION, DISTRIBUTION, ETC. (IMPRINT)
Place of publication, distribution, etc. London:
Name of publisher, distributor, etc. Routledge,
Date of publication, distribution, etc. 2016.
300 ## - PHYSICAL DESCRIPTION
Extent 176 p.:
Other physical details ill.
504 ## - BIBLIOGRAPHY, ETC. NOTE
Bibliography, etc Includes bibliographical references and index.
650 ## - SUBJECT ADDED ENTRY--TOPICAL TERM
Topical term or geographic name as entry element Food security
650 ## - SUBJECT ADDED ENTRY--TOPICAL TERM
Topical term or geographic name as entry element Sustainable development
650 ## - SUBJECT ADDED ENTRY--TOPICAL TERM
Topical term or geographic name as entry element Women in development
650 ## - SUBJECT ADDED ENTRY--TOPICAL TERM
Topical term or geographic name as entry element Resilience (Ecology)
650 ## - SUBJECT ADDED ENTRY--TOPICAL TERM
Topical term or geographic name as entry element Gender identity.
700 ## - ADDED ENTRY--PERSONAL NAME
Personal name Brownhill, Leigh, editor
700 ## - ADDED ENTRY--PERSONAL NAME
Personal name Njuguna, Esther M., editor
942 ## - ADDED ENTRY ELEMENTS (KOHA)
Source of classification or shelving scheme Library of Congress Classification
Koha item type General circulation
Holdings
Withdrawn status Lost status Source of classification or shelving scheme Damaged status Not for loan Home library Current library Shelving location Date acquired Total Checkouts Full call number Barcode Date last seen Price effective from Koha item type
    Library of Congress Classification     Main Campus Library Main Campus Library General Stacks 28/05/2025   HD 9000.5 .F66 2019/020898 28/05/2025 28/05/2025 General circulation
Kitui, Kenya.
+254736116989
library@seku.ac.ke